New Zealand Universities - Statistics

General Stats
  • This quiz has been taken 48 times
  • The average score is 7 of 8
Answer Stats
Answer % Correct
University of Auckland
100%
University of Otago
100%
University of Canterbury
92%
Victoria University of Wellington
92%
University of Waikato
81%
Auckland University of Technology
72%
Lincoln University
72%
Massey University
69%
No matching quizzes found
Score Distribution
Percent of People with Each Score
Percentile by Number Answered
Your Score History
You have not taken this quiz